| 000 | 00415nam a2200157Ia 4500 | ||
|---|---|---|---|
| 005 | 20250701162329.0 | ||
| 008 | 240331s9999 xx 000 0 und d | ||
| 020 | _a9555515298 | ||
| 082 |
_bAMA _a646 |
||
| 100 | _aAmarasinghe,M | ||
| 245 | 0 | _aParani lakdiva wastrabarana | |
| 260 |
_aColombo _bDayawansa Jayakody & Company |
||
| 300 | _a207 p ., | ||
| 500 | _aA book on Costumes of Ancient Sri Lanka | ||
| 942 | _cL | ||
| 999 |
_c5172 _d5172 |
||